000 00563nam a2200193Ia 4500
005 20250508153030.0
008 008 250505s9999 xx 000 0 eng d
037 _aTextual
040 _aFEDL
_beng
_cFEDL
041 _aeng
_2eng
084 _a371.7, DAV
_qFEDL
100 _aDavis Elwood Craig
_9763025
245 0 _aToward better teaching in physical education
260 _aEnglewood Cliffs
_b Prentice-Hall
_c1961
300 _axviii,488p.
700 _a Wallis Earl L
_9763026
942 _cTEXL
_h371.7, DAV
999 _c1340269
_d1340269